| 000 | 00993nam a2200205Ia 4500 | ||
|---|---|---|---|
| 003 | PE SENCICO BE | ||
| 005 | 20251020182427.0 | ||
| 008 | 200515s9999 xx 000 0 und d | ||
| 040 |
_aPE SENCICO BE _cPE SENCICO BE |
||
| 041 | _aspa | ||
| 082 |
_a519.2 _bP92 |
||
| 100 | 1 |
_aPugachev, V. S. _92301 _eautor |
|
| 245 | 1 | 0 |
_aIntroducción a la teoría de las probabilidades / _cPugachev, V. S. |
| 260 |
_aURSS : _bMir Moscú ; _c1973 |
||
| 300 |
_a323 p. : _btbl. ; _c21 cm. |
||
| 505 | 0 | _aProbabilidad de un acontecimiento -- Magnitudes aleatorias -- Magnitudes aleatorias vectoriales -- Características de funciones aleatorias -- Funciones aleatorias estacionarias -- Representaciones canónicas de funciones aleatorias -- Entropía e información que se contiene en las magnitudes aleatorias -- Determinación de las características estadísticas según los resultados de experimentos. | |
| 650 | 1 | 0 |
_aProbabilidades _9264 |
| 650 | 2 | 0 |
_aEstadística matemática _9210 |
| 942 |
_cLIB _2ddc |
||
| 999 |
_c137 _d137 |
||